[Event "Pula op 33rd"]
[Site "Pula"]
[Date "2019.06.27"]
[Round "7"]
[White "Jurman, Pjerino"]
[Black "Jazdanovs, Aleksandrs"]
[Result "0-1"]
[WhiteElo "1936"]
[BlackElo "2232"]
[PlyCount "92"]
[EventDate "2019.06.22"]
[EventType "swiss"]
[EventRounds "9"]
[EventCountry "CRO"]
[SourceTitle "CBM 191 Extra"]
[Source "ChessBase"]
[SourceDate "2019.09.30"]
[SourceVersion "1"]
[SourceVersionDate "2019.09.30"]
[SourceQuality "1"]

1. d4 Nf6 2. c4 c5 3. d5 b5 4. Nc3 b4 5. Na4 e6 6. Bg5 h6 7. Bxf6 Qxf6 8. e4 Qg6 9. Qd3 d6 10. Ne2 e5 11. b3 Nd7 12. Nb2 Be7 13. g3 0-0 14. Nd1 Nf6 15. Bg2 Nh5 16. Ne3 Nf4 17. gxf4 exf4 18. Nxf4 Qf6 19. 0-0 Qxf4 20. Rfe1 Bf6 21. Rac1 Bc3 22. Rxc3 bxc3 23. Qxc3 Re8 24. b4 cxb4 25. Qxb4 Bd7 26. c5 Reb8 27. Qa3 dxc5 28. Nc4 Rb4 29. Qc3 Rab8 30. Ne5 Qf6 31. f4 Rb1 32. Qg3 Ba4 33. Rf1 Qa6 34. Ng4 Rxf1+ 35. Bxf1 Rb1 36. Ne3 Bb5 37. Qf3 Bxf1 38. Nxf1 Qxa2 39. e5 Qb3 40. Qg4 Qe3+ 41. Kg2 Qe4+ 42. Kg1 Qd4+ 43. Kg2 Qxd5+ 44. Kf2 Qa2+ 45. Kg1 Qa6 46. Qf3 Qxf1+ 0-1